00698cam a22002291 4500001001300000003000400013005001700017008004100034010001700075035002000092040001800112042001200130050001700142110009700159245006600256260002300322300001800345500001700363504002800380650004300408999001700451l 64000099 DLC20260227111548.0880621s1963 dcu b f000 0 eng  al 64000099  a(OCoLC)18397391 aDLCcICUdDLC apremarc00aHD6977b.U521 aUnited States.bBureau of Labor Statistics.bAdvisory Committee on Standard Budget Research.00aReport of the Advisory Committee on Standard Budget Research. aWashington,c1963. a26 p.c27 cm. aCover title. aBibliography: p. 18-26. 0aCost and standard of livingxResearch. c37167d37167